<?xml version="1.0" encoding="UTF-8"?>
<record
    xmlns:xsi="http://www.w3.org/2001/XMLSchema-instance"
    xsi:schemaLocation="http://www.loc.gov/MARC21/slim http://www.loc.gov/standards/marcxml/schema/MARC21slim.xsd"
    xmlns="http://www.loc.gov/MARC21/slim">

  <leader>00764nam a2200241 a 4500</leader>
  <controlfield tag="001">BRCA_6951</controlfield>
  <controlfield tag="005">20190320205645.0</controlfield>
  <controlfield tag="008">181111s1956----u--a######---#000-0#eng-#</controlfield>
  <datafield tag="041" ind1=" " ind2=" ">
    <subfield code="a">eng</subfield>
  </datafield>
  <datafield tag="044" ind1=" " ind2=" ">
    <subfield code="a">u</subfield>
  </datafield>
  <datafield tag="050" ind1=" " ind2="4">
    <subfield code="a">ND653.R4</subfield>
    <subfield code="b">.S54 1956</subfield>
  </datafield>
  <datafield tag="245" ind1="1" ind2="0">
    <subfield code="a">Rembrandt</subfield>
    <subfield code="b">Bible paintings</subfield>
    <subfield code="c">text by Seymour Slive</subfield>
  </datafield>
  <datafield tag="260" ind1=" " ind2=" ">
    <subfield code="a">[Estados Unidos</subfield>
    <subfield code="b">Harry N. Abrams</subfield>
    <subfield code="c">c1956]</subfield>
  </datafield>
  <datafield tag="300" ind1=" " ind2=" ">
    <subfield code="a">5 p.</subfield>
    <subfield code="b">il. (algunas a color), 16 l&#xE1;minas</subfield>
    <subfield code="c">39 cm.</subfield>
  </datafield>
  <datafield tag="440" ind1=" " ind2="0">
    <subfield code="a">Abrams art book</subfield>
    <subfield code="9">17322</subfield>
  </datafield>
  <datafield tag="500" ind1=" " ind2=" ">
    <subfield code="a">Estado f&#xED;sico: algunas p&#xE1;ginas se est&#xE1;n desprendiendo</subfield>
  </datafield>
  <datafield tag="500" ind1=" " ind2=" ">
    <subfield code="a">O185</subfield>
  </datafield>
  <datafield tag="600" ind1="1" ind2="4">
    <subfield code="a">Rembrandt Harmenszoon van Rijn</subfield>
    <subfield code="y">1606-1669</subfield>
    <subfield code="9">17323</subfield>
  </datafield>
  <datafield tag="650" ind1="1" ind2="4">
    <subfield code="a">Biblia</subfield>
    <subfield code="x">Grabados, ilustraciones, etc.</subfield>
    <subfield code="9">17324</subfield>
  </datafield>
  <datafield tag="700" ind1="1" ind2=" ">
    <subfield code="a">Slive, Seymour</subfield>
    <subfield code="e">tx.</subfield>
    <subfield code="9">17325</subfield>
  </datafield>
  <datafield tag="902" ind1=" " ind2=" ">
    <subfield code="a">GFM</subfield>
  </datafield>
  <datafield tag="942" ind1=" " ind2=" ">
    <subfield code="2">lcc</subfield>
    <subfield code="c">B</subfield>
  </datafield>
  <datafield tag="999" ind1=" " ind2=" ">
    <subfield code="c">6633</subfield>
    <subfield code="d">6633</subfield>
  </datafield>
  <datafield tag="952" ind1=" " ind2=" ">
    <subfield code="0">0</subfield>
    <subfield code="1">0</subfield>
    <subfield code="4">0</subfield>
    <subfield code="7">0</subfield>
    <subfield code="a">BRCA</subfield>
    <subfield code="b">BRCA</subfield>
    <subfield code="d">2011-11-18</subfield>
    <subfield code="i">O185</subfield>
    <subfield code="l">0</subfield>
    <subfield code="o">ND653.R4 .S54 1956 (O185)</subfield>
    <subfield code="p">7398</subfield>
    <subfield code="r">2019-03-22 00:00:00</subfield>
    <subfield code="w">2019-03-22</subfield>
    <subfield code="y">B</subfield>
  </datafield>
</record>
